Statistics for Countries with an Embassy in Togo

Click here to take the quiz!

General Stats

  • This quiz has been taken 30 times
  • The average score is 10 of 15

Answer Stats

Embassy in Togo % Correct
United States
100%
China
92%
Niger
92%
France
88%
Germany
88%
Nigeria
88%
Egypt
85%
Ghana
85%
Democratic Republic of the Congo
65%
Brazil
62%
Angola
54%
Gabon
50%
Senegal
46%
Libya
42%
Malta
0%

Score Distribution

Percentile by Number Answered

Percent of People with Each Score

Your Score History

You have not taken this quiz